=LDR 00000nam 2200000 4500 =001 INLIS000000000003976 =005 20130612092253 =008 ***********************************Ind** =035 ##$$0010-061300000003976 =041 ##$$a Ind =082 ##$$a 808.51 =090 ##$$a 808.51, Sam k =100 ##$$a Sameto, Hudoro =245 ##$$a Kiat sukses mengolah komunikasi, berbicara efektif di depan umum, Hudoro Sameto; penyunting, Tanudi =260 ##$$a 1996 $b Jakarta =300 ##$$a ix, 62 hlm., ilus., 21 cm =650 ##$$a Pidato di depan umum =700 ##$$a Tanudi =850 ##$$a NBPNMAT